/ 3



Amar Virta je Rah Me (Record no. 38330)

MARC details
000 -LEADER
fixed length control field 00272nam a22001097a 4500
008 - FIXED-LENGTH DATA ELEMENTS--GENERAL INFORMATION
fixed length control field 240529b |||||||| |||| 00| 0 eng d
100 ## - MAIN ENTRY--PERSONAL NAME
Personal name Sharma, Vishnu
245 ## - TITLE STATEMENT
Title Amar Virta je Rah Me
260 ## - PUBLICATION, DISTRIBUTION, ETC.
Place of publication Bombay:
Name of publisher Lok Sewa Mandal;
Year of publication 1965.
300 ## - PHYSICAL DESCRIPTION
Number of Pages 34p.
942 ## - ADDED ENTRY ELEMENTS (KOHA)
Koha item type Books
Holdings
Accession Number Lost status Damaged status Price effective from Koha item type Not for loan Withdrawn status Home library Current library Shelving location Date acquired Source of acquisition Cost, normal purchase price
9330     12/15/2022 Books   Withdrawn RCL RCL General Stacks 12/15/2022 DDC 0.75
9331     12/15/2022 Books   Withdrawn RCL RCL General Stacks 05/29/2024 DDC 0.75

Find us on the map

Contact Us

RAMANUJAN COLLEGE UNIVERSITY OF DELHI, KALKAJI, NEW DELHI 110019
library@ramaanujan.du.ac.in
011-35002219
https://library.ramanujancollege.ac.in/
ramanujancollegelibrary
                                 
Customized & Maintained by Department of Library
Visitor Counter